| 000 | 00926nam a2200301 a 4500 | ||
|---|---|---|---|
| 001 | 000008991 | ||
| 003 | DO-SdBPM | ||
| 005 | 20250820115700.0 | ||
| 007 | ta | ||
| 008 | 090922s1988 dr 000 p spa d | ||
| 040 |
_aDO-SdBPM _bspa _cBPMSU _erda |
||
| 049 | _a | ||
| 082 | 4 |
_aRD861.44 _bF363v 1988 _222 |
|
| 100 | 1 |
_a Spencer, Antonio Fernández, _d1922-1995 _e autor |
|
| 245 | 1 | 3 |
_aLa visión familiar en la poesía de Joaquín Balaguer / _cAntonio Fernández Spencer. |
| 260 |
_a _c |
||
| 264 |
_aSanto Domingo : _bBiblioteca Nacional, _c1988 |
||
| 300 |
_a30 págians ; _c22 cm. |
||
| 336 |
_atexto _btxt _2rdacontent |
||
| 337 |
_asin mediación _bn _2rdamedia |
||
| 338 |
_avolumen _bnc _2rdacarrier |
||
| 590 | _aInventariado, 2025/VM | ||
| 650 | 7 | _aPoesía dominicana | |
| 650 | 7 | _aLiteratura dominicana. | |
| 650 | z | _aDominican literature | |
| 910 | _aVMateo V. Control de calidad. BPMSU | ||
| 942 |
_2ddc _cBK |
||
| 999 |
_c7831 _d7831 |
||